000 00464nam a2200181Ia 4500
003 GCL
008 140319s9999 xx 000 0 ara d
040 _aGCL /
_cGCL
082 0 4 _a891.55
_bط ن
100 1 _aطه ندى
245 1 0 _aالنصوص الفارسية /
_cطه ندى
300 _a293 ص
490 _a
650 0 4 _aالشعر الفارسى
650 0 4 _aالادب الفارسى
650 0 4 _aاللغة الفارسية
942 _2ddc
_cBK
999 _c45762
_d45762